| 000 | 00662nam a2200241Ia 4500 | ||
|---|---|---|---|
| 003 | OSt | ||
| 005 | 20221007075811.0 | ||
| 006 | a|||||r|||| 00| 0 | ||
| 007 | ta | ||
| 008 | 221006b |||||||| |||| 00| 0 eng d | ||
| 024 | _a41,811 | ||
| 037 | _cTextual | ||
| 040 |
_aFLL _cFLL _beng |
||
| 041 |
_2eng _aeng |
||
| 082 | _aZ2,81, P4 | ||
| 100 | _aKirpal B.N. Ed. | ||
| 245 | 0 | _aSupreme but not ifallible , reprint 2015 | |
| 260 |
_aNew Delhi _bOxford University Press India _c2004 |
||
| 300 |
_axiv,481p _ccm. |
||
| 700 |
_a Desai A.H. _9694202 |
||
| 942 |
_hZ2,81, P4 _cTEXL _2CC |
||
| 999 |
_c1157422 _d1157422 |
||